[Event "4NCL/Div3/LIT1 vs. AMCAD"]
[Site "Staverton Park ENG"]
[Date "2009.02.07"]
[Round "5.1"]
[White "Smith, Andrew P"]
[Black "Webb, Richard M"]
[Result "0-1"]
[WhiteElo "2189"]
[BlackElo "2266"]
[PlyCount "110"]
[EventDate "2009.02.07"]
[SourceDate "2008.10.04"]

1. e4 c5 2. Nf3 d6 3. d4 cxd4 4. Nxd4 Nf6 5. Nc3 g6 6. Nd5 Bg7 7. Nxf6+ Bxf6 8.
Bh6 Qb6 9. c3 Qxb2 10. Bb5+ Bd7 11. O-O Nc6 12. Qa4 Qxc3 13. Nxc6 bxc6 14. Bc4
Bg7 15. Rfc1 Qe5 16. Bxg7 Qxg7 17. Ba6 Rb8 18. Bf1 O-O 19. Qxa7 Rfd8 20. Rcb1
Ra8 21. Qb6 Qe5 22. a4 Qa5 23. Qb3 c5 24. Bc4 e6 25. Qg3 Bc6 26. e5 d5 27. Bf1
c4 28. h4 Rab8 29. h5 Rxb1 30. Rxb1 Qd2 31. f4 Qc2 32. Qh4 Rf8 33. Rb6 Bxa4 34.
h6 Qf5 35. Ra6 Bc2 36. Qf2 Bd3 37. Bxd3 cxd3 38. Ra3 Rb8 39. Qb6 Rf8 40. Qd4
Qh5 41. Rxd3 Qxh6 42. Rh3 Qg7 43. f5 exf5 44. Qxd5 Re8 45. Re3 Qh6 46. Re1 Qh4
47. Kf1 Qe7 48. Qa5 Qe6 49. Qc3 Rc8 50. Qg3 Rc4 51. Qd3 Rf4+ 52. Kg1 Qb6+ 53.
Kh2 Rh4+ 54. Kg3 Rg4+ 55. Kh2 Qf2 0-1

[Event "4NCL/Div3/LIT1 vs. AMCAD"]
[Site "Staverton Park ENG"]
[Date "2009.02.07"]
[Round "5.2"]
[White "Purdon, Colin"]
[Black "Salisbury, Michael W"]
[Result "1/2-1/2"]
[WhiteElo "2097"]
[BlackElo "2119"]
[PlyCount "38"]
[EventDate "2009.02.07"]
[SourceDate "2008.10.04"]

1. d4 Nf6 2. c4 c5 3. d5 b5 4. Nf3 g6 5. cxb5 a6 6. Nc3 Bg7 7. e4 d6 8. b6 Qxb6
9. Be2 O-O 10. O-O Nbd7 11. h3 Re8 12. Rb1 a5 13. Be3 Ba6 14. Nd2 Reb8 15. f4
Ne8 16. e5 dxe5 17. f5 Nd6 18. fxg6 hxg6 19. g4 Bxe2 1/2-1/2

[Event "4NCL/Div3/LIT1 vs. AMCAD"]
[Site "Staverton Park ENG"]
[Date "2009.02.07"]
[Round "5.3"]
[White "Byron, Alan M"]
[Black "Norman, Kenneth I"]
[Result "0-1"]
[WhiteElo "2162"]
[BlackElo "2168"]
[PlyCount "166"]
[EventDate "2009.02.07"]
[SourceDate "2008.10.04"]

1. c4 g6 2. Nc3 Bg7 3. g3 c5 4. Bg2 Nc6 5. Nf3 e6 6. O-O Nge7 7. d3 O-O 8. Bg5
h6 9. Bd2 d5 10. a3 b6 11. Rb1 Bb7 12. b4 cxb4 13. axb4 dxc4 14. dxc4 Rc8 15.
Nb5 a6 16. Na3 Qc7 17. Qb3 Nf5 18. e3 Ne5 19. Nxe5 Bxg2 20. Kxg2 Qxe5 21. Qc2
Nd6 22. Qb3 Nxc4 23. Nxc4 Qd5+ 24. Kg1 Rxc4 25. Rfd1 b5 26. Bc1 Qf3 27. Bb2
Bxb2 28. Rxb2 Rxb4 29. Qxb4 Qxd1+ 30. Kg2 Rd8 31. Qf4 Qd5+ 32. e4 Qg5 33. Qc7
Rd2 34. Rb3 Qd8 35. Qb7 Rd3 36. Rb4 Qd6 37. Rb2 Qd4 38. Re2 Rd2 39. Rxd2 Qxd2
40. Qxa6 b4 41. Qa5 Qd4 42. Qa8+ Kg7 43. Qb7 e5 44. f4 exf4 45. gxf4 Qd2+ 46.
Kf3 Qd3+ 47. Kf2 b3 48. e5 Qf5 49. Qxb3 Qxf4+ 50. Kg2 Qxe5 51. Qf3 g5 52. h3
Qd4 53. Qe2 Qf4 54. Qb2+ Qf6 55. Qe2 Qg6 56. Qe5+ Kh7 57. Qe2 h5 58. Kg3 h4+
59. Kg2 Qc6+ 60. Kg1 Qc5+ 61. Kg2 Kg6 62. Qe4+ Qf5 63. Qc6+ Qf6 64. Qe4+ Kh6
65. Qe8 Qb2+ 66. Kg1 Qd4+ 67. Kh1 Kg7 68. Qc8 Qe4+ 69. Kh2 Qe2+ 70. Kh1 Qe6 71.
Qc3+ Kg6 72. Kh2 f6 73. Qd3+ Qf5 74. Qd8 Qf4+ 75. Kh1 Qf3+ 76. Kg1 Qg3+ 77. Kh1
Qxh3+ 78. Kg1 Qe3+ 79. Kh1 Kf5 80. Qd7+ Kf4 81. Qd6+ Kg4 82. Qb4+ Qf4 83. Qb2
h3 0-1

[Event "4NCL/Div3/LIT1 vs. AMCAD"]
[Site "Staverton Park ENG"]
[Date "2009.02.07"]
[Round "5.4"]
[White "Morris-Hill, Ray"]
[Black "Compton, Alistair"]
[Result "1/2-1/2"]
[WhiteElo "2063"]
[BlackElo "2079"]
[PlyCount "114"]
[EventDate "2009.02.07"]
[SourceDate "2008.10.04"]

1. e4 e6 2. Qe2 Be7 3. Nf3 d5 4. d3 Nf6 5. g3 O-O 6. Bg2 c5 7. O-O Nc6 8. c3 b5
9. Nbd2 a5 10. e5 Ne8 11. Re1 g6 12. Nf1 Ng7 13. h4 f6 14. exf6 Bxf6 15. Bg5
Re8 16. Ne3 Bxg5 17. Nxg5 Ne5 18. Rad1 Rb8 19. f4 Nf7 20. Nxf7 Kxf7 21. Ng4 Qd6
22. Ne5+ Kg8 23. g4 Bb7 24. d4 b4 25. Qf2 cxd4 26. cxd4 Rf8 27. Rc1 Rbc8 28.
Rc5 Rxc5 29. dxc5 Qc7 30. Qd4 Rc8 31. Rc1 Ne8 32. Bf1 Nd6 33. c6 Ba8 34. Ba6
Bb7 35. Bxb7 Nxb7 36. Qa7 Nd6 37. Qd4 Nc4 38. Nd7 Qxc6 39. Nf6+ Kf7 40. b3 Qb6
41. Qxb6 Nxb6 42. Rxc8 Nxc8 43. Nxh7 Nd6 44. Ng5+ Kf6 45. Kf2 e5 46. fxe5+ Kxe5
47. Ke3 Nb5 48. Nf3+ Kf6 49. Nd4 Nc3 50. Nc6 Nxa2 51. Nxa5 Ke5 52. Nc6+ Kd6 53.
Nd4 Ke5 54. h5 gxh5 55. gxh5 Nc1 56. h6 Kf6 57. Kd2 Nxb3+ 1/2-1/2

[Event "4NCL/Div3/LIT1 vs. AMCAD"]
[Site "Staverton Park ENG"]
[Date "2009.02.07"]
[Round "5.5"]
[White "Jackson, James P"]
[Black "Duvall, Ian"]
[Result "1-0"]
[WhiteElo "2093"]
[BlackElo "2047"]
[PlyCount "67"]
[EventDate "2009.02.07"]
[SourceDate "2008.10.04"]

1. e4 c5 2. Nf3 d6 3. d4 cxd4 4. Nxd4 Nf6 5. Nc3 g6 6. f4 Nbd7 7. Bb5 a6 8. e5
axb5 9. exf6 Nxf6 10. Ndxb5 Bg7 11. O-O O-O 12. Be3 Bd7 13. a4 Ng4 14. Bd4 e5
15. fxe5 dxe5 16. Bc5 Qh4 17. h3 Rfd8 18. Qe1 Qxe1 19. Raxe1 Nh6 20. Bb6 Bxb5
21. axb5 Rd2 22. Rf2 Rxf2 23. Kxf2 Nf5 24. Ne4 Nd4 25. c4 Ra2 26. Bxd4 exd4 27.
Nc5 Rxb2+ 28. Re2 Rxe2+ 29. Kxe2 Kf8 30. Nxb7 Ke7 31. Kd3 f5 32. c5 Be5 33. Na5
g5 34. Nc6+ 1-0

[Event "4NCL/Div3/LIT1 vs. AMCAD"]
[Site "Staverton Park ENG"]
[Date "2009.02.07"]
[Round "5.6"]
[White "Sparkes, Daniel A"]
[Black "Gibson, Christopher A"]
[Result "1-0"]
[WhiteElo "2000"]
[BlackElo "1964"]
[PlyCount "69"]
[EventDate "2009.02.07"]
[SourceDate "2008.10.04"]

1. e4 c5 2. Nf3 Nc6 3. Bb5 Nf6 4. Nc3 g6 5. O-O Bg7 6. Qe2 Nd4 7. Nxd4 cxd4 8.
e5 dxc3 9. exf6 Bxf6 10. dxc3 O-O 11. Be3 b6 12. Rad1 d6 13. Rfe1 Bd7 14. Bd4
Bxb5 15. Qxb5 Bxd4 16. Rxd4 Rc8 17. Qg5 e6 18. Qh6 Qf6 19. Rxd6 Rc5 20. Qd2 Rb5
21. b3 Rc5 22. Re3 Rfc8 23. Rf3 Qe5 24. Rd8+ Rxd8 25. Qxd8+ Kg7 26. Qd2 b5 27.
a3 a5 28. g3 Qe4 29. Re3 Qc6 30. Qd4+ Kg8 31. Rd3 e5 32. Qd8+ Kg7 33. Qxa5 e4
34. Re3 Rd5 35. Qb4 1-0

[Event "4NCL/Div3/PPA2 vs. GUI4"]
[Site "Staverton Park ENG"]
[Date "2009.02.07"]
[Round "5.1"]
[White "Richter, Hans"]
[Black "Punnett, Alan K"]
[Result "1/2-1/2"]
[WhiteElo "2149"]
[BlackElo "2102"]
[PlyCount "120"]
[EventDate "2009.02.07"]
[SourceDate "2008.10.04"]

1. d4 Nf6 2. c4 e6 3. Nc3 Bb4 4. Qc2 c5 5. dxc5 O-O 6. Nf3 h6 7. a3 Bxc5 8. Bf4
d5 9. cxd5 exd5 10. Rd1 d4 11. Na4 Be7 12. Nxd4 Bd7 13. e3 Nd5 14. Bxb8 Rxb8
15. Nc3 Nxc3 16. Qxc3 Qb6 17. Be2 Rbc8 18. Qd2 Ba4 19. Rc1 Rxc1+ 20. Qxc1 Bf6
21. Qc4 Bxd4 22. exd4 Bb3 23. Qb4 Qxb4+ 24. axb4 Bd5 25. f3 Rd8 26. Kd2 a6 27.
b5 axb5 28. Bxb5 g5 29. Re1 Kg7 30. Re7 g4 31. fxg4 Bxg2 32. Ke3 Kf6 33. Rc7
Kg5 34. Rxf7 Kxg4 35. Bd7+ Kh5 36. Kf4 Kg6 37. Re7 Kf6 38. Re6+ Kf7 39. Rd6 Ke7
40. Rg6 Rxd7 41. Rxg2 Rxd4+ 42. Kf5 Kf7 43. Ke5 Rb4 44. Kd5 Kf6 45. Kc5 Rb3 46.
Kc4 Rh3 47. b4 Rh5 48. b5 b6 49. Ra2 Ke5 50. Ra6 Rh4+ 51. Kd3 Rh3+ 52. Kc4 Rh4+
53. Kd3 Rh3+ 54. Ke2 Rxh2+ 55. Kf3 Kd5 56. Kg3 Rb2 57. Rxb6 Kc5 58. Rxh6 Rxb5
59. Rh5+ Kc4 60. Rxb5 Kxb5 1/2-1/2

[Event "4NCL/Div3/PPA2 vs. GUI4"]
[Site "Staverton Park ENG"]
[Date "2009.02.07"]
[Round "5.2"]
[White "Shepley, Julien M"]
[Black "Jarvis, David"]
[Result "1/2-1/2"]
[WhiteElo "2076"]
[BlackElo "2160"]
[PlyCount "62"]
[EventDate "2009.02.07"]
[SourceDate "2008.10.04"]

1. d4 e6 2. a3 d5 3. Nf3 c5 4. c3 Nc6 5. Bf4 Bd6 6. Bxd6 Qxd6 7. b4 cxd4 8.
cxd4 a5 9. b5 Nce7 10. e3 Nf6 11. Nc3 O-O 12. Bd3 Bd7 13. O-O Rac8 14. Qd2 Rfd8
15. a4 Qb4 16. Rfc1 Nf5 17. Bxf5 exf5 18. Ne5 Be6 19. Nd3 Qe7 20. Ne2 b6 21.
Ne5 Ne4 22. Qb2 Rxc1+ 23. Rxc1 Rc8 24. Rxc8+ Bxc8 25. Qc2 Bb7 26. h3 g5 27. f3
Nd6 28. Kf2 Kg7 29. Nc6 Qe8 30. Ne5 Qe7 31. Nc6 Qe8 1/2-1/2

[Event "4NCL/Div3/PPA2 vs. GUI4"]
[Site "Staverton Park ENG"]
[Date "2009.02.07"]
[Round "5.3"]
[White "Stewart, Ashley"]
[Black "Stimpson, Philip M"]
[Result "1/2-1/2"]
[WhiteElo "1960"]
[BlackElo "2077"]
[PlyCount "131"]
[EventDate "2009.02.07"]
[SourceDate "2008.10.04"]

1. e4 d5 2. e5 c5 3. c3 Nc6 4. d4 Bf5 5. Nf3 e6 6. Bd3 Bxd3 7. Qxd3 cxd4 8.
cxd4 Nb4 9. Qe2 Rc8 10. Nc3 Qb6 11. O-O Qa6 12. Qxa6 bxa6 13. Ne1 Ne7 14. Be3
Nf5 15. g4 Nxe3 16. fxe3 Be7 17. a3 Nc6 18. Nf3 Na5 19. e4 dxe4 20. Nxe4 Nb3
21. Rad1 O-O 22. Rd3 Nc1 23. Re3 Rc2 24. Rf2 Rfc8 25. Nc3 Rxf2 26. Kxf2 h6 27.
Ke1 Nb3 28. Ne2 Na5 29. Rc3 Rxc3 30. Nxc3 Nc4 31. d5 exd5 32. Nxd5 Bd8 33. Nb4
Nxb2 34. Nxa6 Be7 35. Kd2 Nc4+ 36. Kd3 Nxa3 37. Nd4 Bd8 38. Ke4 Nc4 39. Nc6 Bb6
40. h3 Kf8 41. Kd5 Ne3+ 42. Kd6 Ng2 43. Nab8 Be3 44. Nd7+ Ke8 45. Nc5 Nf4 46.
h4 Ng2 47. h5 Bxc5+ 48. Kxc5 Ne3 49. Nxa7 Kd7 50. Kd4 Nxg4 51. Ke4 Ke6 52. Nc6
Nf2+ 53. Kf4 Nd3+ 54. Ke4 Nc5+ 55. Kd4 Nb3+ 56. Ke4 Nd2+ 57. Kf4 Nc4 58. Nd8+
Ke7 59. Nc6+ Kd7 60. Nd4 g6 61. hxg6 fxg6 62. e6+ Ke7 63. Nf5+ gxf5 64. Kxf5
Ne3+ 65. Kg6 Ng4 66. Kh5 1/2-1/2

[Event "4NCL/Div3/PPA2 vs. GUI4"]
[Site "Staverton Park ENG"]
[Date "2009.02.07"]
[Round "5.4"]
[White "Eckloff, Colin"]
[Black "Judkins, Brian"]
[Result "0-1"]
[WhiteElo "2116"]
[BlackElo "1895"]
[PlyCount "80"]
[EventDate "2009.02.07"]
[SourceDate "2008.10.04"]

1. e4 e5 2. Nf3 Nf6 3. d4 exd4 4. e5 Ne4 5. Qxd4 d5 6. exd6 Nxd6 7. Bd3 Nc6 8.
Qf4 g6 9. O-O Bg7 10. Bd2 Bxb2 11. Bc3 Bxc3 12. Nxc3 Be6 13. Rfe1 O-O 14. Rad1
Kg7 15. Bb5 Qf6 16. Qxf6+ Kxf6 17. Bxc6 bxc6 18. Nd4 Bd7 19. Na4 Rfe8 20. Nc5
Rxe1+ 21. Rxe1 Rd8 22. Nxd7+ Rxd7 23. Nxc6 Nf5 24. Nxa7 Rd2 25. a4 Rxc2 26. Ra1
Rb2 27. Nc6 Ne7 28. Na5 Rb6 29. Kf1 Ra6 30. Nb7 Nc8 31. a5 Nd6 32. Nc5 Ra7 33.
Ke2 Ke7 34. Kd3 c6 35. Kc3 Kd8 36. Kb4 Nb7 37. Rd1+ Kc8 38. Rd7 Rxa5 39. Nxb7
Rb5+ 40. Kc4 Kxd7 0-1

[Event "4NCL/Div3/MET vs. BCA"]
[Site "Staverton Park ENG"]
[Date "2009.02.07"]
[Round "5.1"]
[White "Djabri, Zafer M"]
[Black "Crouch, Colin"]
[Result "0-1"]
[WhiteElo "2101"]
[BlackElo "2365"]
[PlyCount "52"]
[EventDate "2009.02.07"]
[SourceDate "2008.10.04"]

1. c4 Nf6 2. Nc3 e6 3. e4 d5 4. e5 d4 5. exf6 dxc3 6. bxc3 Qxf6 7. d4 Nc6 8.
Nf3 e5 9. Bg5 Qg6 10. d5 Ne7 11. Qd2 f6 12. Be3 Nf5 13. c5 Bd7 14. Bd3 Qxg2 15.
Ke2 Nh4 16. Nxh4 Bg4+ 17. Ke1 Qxh1+ 18. Bf1 Bh3 19. Ke2 Bxf1+ 20. Rxf1 Qe4 21.
Qb2 Qxh4 22. Qxb7 Qc4+ 23. Kf3 Rd8 24. Qc6+ Rd7 25. Rd1 f5 26. Qe6+ Be7 0-1

[Event "4NCL/Div3/MET vs. BCA"]
[Site "Staverton Park ENG"]
[Date "2009.02.07"]
[Round "5.2"]
[White "Mordue, A Tyson"]
[Black "Dickson, George"]
[Result "1/2-1/2"]
[WhiteElo "2290"]
[BlackElo "2103"]
[PlyCount "29"]
[EventDate "2009.02.07"]
[SourceDate "2008.10.04"]

1. e4 e5 2. Nf3 Nc6 3. Bb5 a6 4. Ba4 Nf6 5. O-O b5 6. Bb3 Bc5 7. c3 d6 8. d4
Bb6 9. dxe5 dxe5 10. Qxd8+ Nxd8 11. Nxe5 Bb7 12. Nd2 O-O 13. Re1 Re8 14. Ndf3
Nxe4 15. Be3 1/2-1/2

[Event "4NCL/Div3/MET vs. BCA"]
[Site "Staverton Park ENG"]
[Date "2009.02.07"]
[Round "5.3"]
[White "Calvert, D Ian"]
[Black "Ross, Chris"]
[Result "1/2-1/2"]
[WhiteElo "2051"]
[BlackElo "2197"]
[PlyCount "34"]
[EventDate "2009.02.07"]
[SourceDate "2008.10.04"]

1. b3 e5 2. Bb2 d6 3. e3 Nf6 4. d4 exd4 5. Qxd4 Nc6 6. Bb5 Bd7 7. Bxc6 Bxc6 8.
Nf3 Be7 9. Nbd2 O-O 10. O-O Ne8 11. Qd3 Bf6 12. Bd4 Bxf3 13. Nxf3 Bxd4 14. exd4
Nf6 15. c4 Qd7 16. Rfe1 Rfe8 17. d5 Rxe1+ 1/2-1/2

[Event "4NCL/Div3/MET vs. BCA"]
[Site "Staverton Park ENG"]
[Date "2009.02.07"]
[Round "5.4"]
[White "Cole, Tristram C"]
[Black "Vachtfeidl, Petr"]
[Result "0-1"]
[WhiteElo "1970"]
[BlackElo "2005"]
[PlyCount "66"]
[EventDate "2009.02.07"]
[SourceDate "2008.10.04"]

1. e4 c5 2. Nf3 e6 3. d4 cxd4 4. Nxd4 Nf6 5. Nc3 d6 6. f4 Nc6 7. Nxc6 bxc6 8.
Be3 Be7 9. Be2 O-O 10. O-O d5 11. e5 Nd7 12. Bf3 Ba6 13. Re1 Nb6 14. Bf2 Nc4
15. Na4 Bb5 16. Nc5 Nxb2 17. Qd4 Bxc5 18. Qxc5 Na4 19. Qa3 Qa5 20. Bc5 Rfc8 21.
Re3 Bc4 22. Bd6 c5 23. Rb1 Rc6 24. Bh5 Rb6 25. Rd1 Qb4 26. Qc1 Nc3 27. Rxc3
Qxc3 28. f5 Rb2 29. Qg5 Qxc2 30. f6 g6 31. h3 Qf2+ 32. Kh1 h6 33. Qg4 Bf1 0-1

[Event "4NCL/Div3/MET vs. BCA"]
[Site "Staverton Park ENG"]
[Date "2009.02.07"]
[Round "5.5"]
[White "Djabri, Katherine"]
[Black "Burnell, Steve"]
[Result "1/2-1/2"]
[WhiteElo "2037"]
[BlackElo "1950"]
[PlyCount "56"]
[EventDate "2009.02.07"]
[SourceDate "2008.10.04"]

1. e4 c6 2. d4 d5 3. exd5 cxd5 4. c4 Nf6 5. Nc3 e6 6. Nf3 Be7 7. Bd3 O-O 8. O-O
Nc6 9. a3 a6 10. b4 dxc4 11. Bxc4 Qc7 12. Qb3 b5 13. Be2 Bb7 14. Be3 Rfd8 15.
Rac1 Rac8 16. Rfd1 Qb8 17. h3 h6 18. Bd3 Bd6 19. Bb1 Ne7 20. Nd2 Ned5 21. Nxd5
Bxd5 22. Qd3 Qb7 23. f3 Bf8 24. Bf4 g6 25. Qe3 Kh7 26. Be5 Bg7 27. Qf4 Qe7 28.
Qe3 Qb7 1/2-1/2

[Event "4NCL/Div3/MET vs. BCA"]
[Site "Staverton Park ENG"]
[Date "2009.02.07"]
[Round "5.6"]
[White "Hilton, Steve"]
[Black "Cooke, Charlie"]
[Result "1/2-1/2"]
[WhiteElo "1897"]
[BlackElo "1880"]
[PlyCount "47"]
[EventDate "2009.02.07"]
[SourceDate "2008.10.04"]

1. d4 d5 2. Nf3 Nf6 3. e3 e6 4. Bd3 Be7 5. O-O O-O 6. Nbd2 Nbd7 7. b3 c5 8. Bb2
cxd4 9. exd4 b6 10. Ne5 Nxe5 11. dxe5 Nd7 12. Qe2 Nc5 13. Bb5 Bd7 14. Bxd7 Qxd7
15. Rad1 Rfd8 16. Nf3 Qb7 17. Rfe1 Qa6 18. Bd4 Qxe2 19. Rxe2 Rac8 20. Nd2 Nb7
21. c4 Bc5 22. Bxc5 Rxc5 23. Rde1 dxc4 24. Nxc4 1/2-1/2

[Event "4NCL/Div3/SSC vs. WRO2"]
[Site "Staverton Park ENG"]
[Date "2009.02.07"]
[Round "5.1"]
[White "Graham, David B"]
[Black "Shaw, Peter"]
[Result "1/2-1/2"]
[WhiteElo "2212"]
[BlackElo "2123"]
[PlyCount "55"]
[EventDate "2009.02.07"]
[SourceDate "2008.10.04"]

1. e4 e6 2. d4 d5 3. e5 c5 4. Nf3 Nc6 5. Bd3 cxd4 6. O-O f6 7. Bb5 Bd7 8. Bxc6
bxc6 9. Qxd4 fxe5 10. Nxe5 Nf6 11. Nc3 Be7 12. Bg5 O-O 13. Rad1 Be8 14. Qh4 Qc7
15. Rfe1 Bd6 16. Qh3 Kh8 17. Qxe6 Bh5 18. Nf3 Bxf3 19. gxf3 Bxh2+ 20. Kg2 Rae8
21. Qh3 Bf4 22. Qh4 Bxg5 23. Qxg5 Qf7 24. Rxe8 Rxe8 25. Rd3 Nh5 26. Re3 h6 27.
Rxe8+ Qxe8 28. Qf5 1/2-1/2

[Event "4NCL/Div3/SSC vs. WRO2"]
[Site "Staverton Park ENG"]
[Date "2009.02.07"]
[Round "5.2"]
[White "Lewyk, Ihor"]
[Black "Elliston, Robert"]
[Result "1-0"]
[WhiteElo "2146"]
[BlackElo "2128"]
[PlyCount "111"]
[EventDate "2009.02.07"]
[SourceDate "2008.10.04"]

1. Nf3 d6 2. d4 Nf6 3. Nc3 c6 4. e4 Qa5 5. Bd3 e5 6. O-O Bg4 7. Be3 Nbd7 8. a3
Be7 9. h3 Bh5 10. Re1 Qc7 11. Rc1 a6 12. Ne2 d5 13. Ng3 Bg6 14. dxe5 Nxe4 15.
Bf4 Ndc5 16. Bxe4 dxe4 17. Nd2 Ne6 18. Be3 Qxe5 19. Nc4 Qd5 20. Qe2 Rd8 21.
Rcd1 Qb5 22. Rxd8+ Nxd8 23. Bb6 O-O 24. Nxe4 Ne6 25. Nc3 Qf5 26. Ne3 Qg5 27.
Qf3 Bf6 28. Ng4 Bd4 29. Bxd4 Nxd4 30. Qd1 Nxc2 31. Re5 Qd8 32. Qxd8 Rxd8 33.
Re7 Rb8 34. Ne5 Nd4 35. Nc4 Kf8 36. Rd7 Ne6 37. Na5 Nc5 38. Rd2 Ke8 39. b4 Nd7
40. f4 Kd8 41. g4 f5 42. Nb3 Kc7 43. g5 Re8 44. Kf2 Bf7 45. Nd4 g6 46. Nf3 b6
47. Re2 Rxe2+ 48. Kxe2 Kd6 49. Ke3 c5 50. h4 Bd5 51. Ne1 Bc4 52. Nf3 cxb4 53.
axb4 a5 54. bxa5 bxa5 55. Kd4 Kc6 56. Kxc4 1-0

[Event "4NCL/Div3/SSC vs. WRO2"]
[Site "Staverton Park ENG"]
[Date "2009.02.07"]
[Round "5.3"]
[White "Salimbeni, George"]
[Black "Archer, Richard"]
[Result "1-0"]
[WhiteElo "2100"]
[BlackElo "2120"]
[PlyCount "109"]
[EventDate "2009.02.07"]
[SourceDate "2008.10.04"]

1. e4 c5 2. c3 d5 3. exd5 Qxd5 4. d4 e6 5. Nf3 Nf6 6. Be2 Nc6 7. O-O Be7 8. Be3
cxd4 9. cxd4 O-O 10. Nc3 Qd6 11. a3 b6 12. Qb3 Bb7 13. Rfd1 Rfd8 14. Rac1 Rac8
15. Qa2 Qb8 16. Bc4 Qd6 17. d5 exd5 18. Nxd5 Nxd5 19. Bxd5 Qg6 20. Ne5 Nxe5 21.
Bxb7 Rxc1 22. Rxc1 Qd6 23. g3 Ng4 24. Bf4 Qd4 25. b4 Bd6 26. Bxd6 Qxd6 27. Bd5
Qf6 28. Rd1 Kf8 29. Qe2 Qf5 30. Bf3 Rxd1+ 31. Qxd1 Nf6 32. Qd6+ Ke8 33. Qb8+
Ke7 34. Qxa7+ Nd7 35. Bc6 Qe6 36. Qb7 g6 37. Kg2 Kd8 38. Bxd7 Qxd7 39. Qxb6+
Ke8 40. Qb8+ Ke7 41. Qa8 Kf6 42. a4 Kg7 43. b5 h5 44. Qc6 Qg4 45. h3 Qxa4 46.
Qc3+ Kh7 47. b6 Qb5 48. Qf6 Kg8 49. h4 Kf8 50. Qd8+ Kg7 51. Qc7 Qd5+ 52. Kh2
Qf3 53. Qf4 Qc6 54. Qb4 Qf3 55. Qb2+ 1-0

[Event "4NCL/Div3/SSC vs. WRO2"]
[Site "Staverton Park ENG"]
[Date "2009.02.07"]
[Round "5.4"]
[White "Faulkes, Nick"]
[Black "Payne, Matthew"]
[Result "1-0"]
[WhiteElo "2084"]
[BlackElo "1865"]
[PlyCount "57"]
[EventDate "2009.02.07"]
[SourceDate "2008.10.04"]

1. e4 e6 2. d4 d5 3. Nc3 Nc6 4. e5 Nge7 5. Bg5 h6 6. Bh4 g5 7. Bg3 Nf5 8. Nge2
Bg7 9. f4 Ne3 10. Qd2 Nb4 11. Kf2 Nbxc2 12. Rc1 Nxf1 13. Rhxf1 Nb4 14. Kg1 Bd7
15. a3 Nc6 16. f5 exf5 17. Nxd5 Be6 18. Nb4 Nxe5 19. Bxe5 Bxe5 20. Qe3 Bd6 21.
d5 Bxb4 22. dxe6 Be7 23. exf7+ Kxf7 24. Rxf5+ Kg6 25. Qe4 Kg7 26. Ng3 Qd6 27.
Nh5+ Kg6 28. Rf3+ Kxh5 29. Rh3# 1-0

[Event "4NCL/Div3/SSC vs. WRO2"]
[Site "Staverton Park ENG"]
[Date "2009.02.07"]
[Round "5.5"]
[White "Woods, Tim"]
[Black "Webb, Matthew"]
[Result "0-1"]
[WhiteElo "1900"]
[BlackElo "2035"]
[PlyCount "70"]
[EventDate "2009.02.07"]
[SourceDate "2008.10.04"]

1. e4 d6 2. d4 Nf6 3. Nc3 g6 4. Be3 Bg7 5. h3 O-O 6. Nf3 Nbd7 7. Qd2 c5 8. Bh6
cxd4 9. Nxd4 Qb6 10. Nb3 a5 11. Bxg7 Kxg7 12. Be2 a4 13. Nd4 Nc5 14. Bf3 e5 15.
Ndb5 Ncxe4 16. Bxe4 Nxe4 17. Nxe4 Qxb5 18. Qxd6 Ra6 19. Qc5 Qxb2 20. O-O Rc6
21. Qa5 Bf5 22. c3 f6 23. Rfb1 Qc2 24. Rxb7+ Kh6 25. Ng3 Qxc3 26. Nxf5+ gxf5
27. Qxc3 Rxc3 28. Ra7 Ra3 29. Rd1 Rxa2 30. Rdd7 Kg5 31. g3 f4 32. g4 f3 33.
Rg7+ Kf4 34. Rgb7 Rd8 35. Ra6 Rd1+ 0-1

[Event "4NCL/Div3/SSC vs. WRO2"]
[Site "Staverton Park ENG"]
[Date "2009.02.07"]
[Round "5.6"]
[White "Whitaker, Thomas R"]
[Black "Yates, Christopher"]
[Result "1-0"]
[WhiteElo "1995"]
[BlackElo "1835"]
[PlyCount "113"]
[EventDate "2009.02.07"]
[SourceDate "2008.10.04"]

1. e4 c5 2. Nf3 d6 3. d4 cxd4 4. Nxd4 Nf6 5. Nc3 a6 6. Be2 e5 7. Nb3 Be7 8. Be3
Be6 9. O-O Nc6 10. Qe1 O-O 11. Rd1 Qc7 12. f4 exf4 13. Bxf4 Ne5 14. Qd2 Rfd8
15. Nd5 Bxd5 16. exd5 Nfd7 17. Kh1 Bf6 18. c3 Rac8 19. Qc2 Re8 20. Bf3 Ng6 21.
Bg3 Nde5 22. Be4 Nc4 23. Bf2 Re7 24. Nd2 Nxd2 25. Rxd2 Rce8 26. Bxg6 fxg6 27.
Qd1 Qc4 28. a3 Re2 29. Kg1 Qe4 30. Rxe2 Qxe2 31. Qb3 Qb5 32. Qxb5 axb5 33. Re1
Rxe1+ 34. Bxe1 Be5 35. h3 Bf4 36. b3 Kf7 37. c4 bxc4 38. bxc4 Kf6 39. Kf2 Be5
40. Ke3 g5 41. Ke4 h5 42. Bf2 g6 43. a4 Bc3 44. Bb6 Ke7 45. c5 Kd7 46. cxd6 Bb4
47. Bc7 Bxd6 48. Bxd6 Kxd6 49. Kd4 b6 50. Ke4 g4 51. hxg4 hxg4 52. Kd4 g3 53.
Ke4 Kd7 54. Ke5 Ke7 55. d6+ Kd7 56. Kd5 Kd8 57. Kc6 1-0

[Event "4NCL/Div3/ICENI vs. WWKS2"]
[Site "Staverton Park ENG"]
[Date "2009.02.07"]
[Round "5.1"]
[White "Reynolds, D Ian"]
[Black "Fishburne, Stewart K"]
[Result "1/2-1/2"]
[WhiteElo "2108"]
[BlackElo "2115"]
[PlyCount "44"]
[EventDate "2009.02.07"]
[SourceDate "2008.10.04"]

1. e4 g6 2. d4 Bg7 3. Nc3 d6 4. Be3 a6 5. a4 Nf6 6. h3 O-O 7. Nf3 b6 8. Bd3 e6
9. O-O Bb7 10. Qd2 Nbd7 11. Bh6 e5 12. Bxg7 Kxg7 13. Rfe1 Re8 14. Bc4 exd4 15.
Qxd4 Ne5 16. Nxe5 dxe5 17. Qe3 Qd4 18. Qe2 Qc5 19. Rad1 a5 20. Bb3 Rad8 21.
Rxd8 Rxd8 22. Qc4 Qxc4 1/2-1/2

[Event "4NCL/Div3/ICENI vs. WWKS2"]
[Site "Staverton Park ENG"]
[Date "2009.02.07"]
[Round "5.2"]
[White "Webster, Paul"]
[Black "Lunn, Timothy"]
[Result "1/2-1/2"]
[WhiteElo "2095"]
[BlackElo "2056"]
[PlyCount "67"]
[EventDate "2009.02.07"]
[SourceDate "2008.10.04"]

1. d4 d5 2. Nf3 Nf6 3. c4 e6 4. Nc3 Be7 5. Bg5 O-O 6. e3 Nbd7 7. Bd3 dxc4 8.
Bxc4 a6 9. O-O b5 10. Bb3 Bb7 11. Qe2 h6 12. Bf4 c5 13. Rfd1 Qb6 14. Ne5 Rfd8
15. Rac1 Rac8 16. Nxd7 Rxd7 17. dxc5 Rxd1+ 18. Rxd1 Qxc5 19. e4 Qc6 20. f3 Bc5+
21. Be3 Qb6 22. Kf2 Bc6 23. Bxc5 Qxc5+ 24. Qe3 Nd7 25. Ne2 Kf8 26. Qd4 Ke7 27.
Rc1 Qxd4+ 28. Nxd4 Bb7 29. Rxc8 Bxc8 30. Ke3 Bb7 31. Bd1 Ne5 32. Be2 Kd6 33.
Nb3 Nc6 34. a3 1/2-1/2

[Event "4NCL/Div3/ICENI vs. WWKS2"]
[Site "Staverton Park ENG"]
[Date "2009.02.07"]
[Round "5.3"]
[White "Feavyour, John"]
[Black "Cooper, David M"]
[Result "0-1"]
[WhiteElo "2073"]
[BlackElo "2085"]
[PlyCount "76"]
[EventDate "2009.02.07"]
[SourceDate "2008.10.04"]

1. d4 d5 2. c4 e6 3. Nc3 Nf6 4. Bg5 Be7 5. cxd5 exd5 6. e3 O-O 7. Bd3 c6 8. Qc2
Nbd7 9. Nf3 Re8 10. O-O h6 11. Bf4 Nf8 12. h3 Bd6 13. Ne5 Qe7 14. Rae1 N6d7 15.
Nf3 Bxf4 16. exf4 Qd8 17. Rxe8 Qxe8 18. Re1 Qd8 19. Qe2 Nf6 20. f5 Qd6 21. Ne5
Bd7 22. g4 c5 23. dxc5 Qxc5 24. Nxd7 N8xd7 25. Qf3 a6 26. h4 Qb4 27. g5 hxg5
28. hxg5 Ng4 29. a3 Qxb2 30. Nxd5 Nde5 31. Qg3 Nxd3 32. Ne7+ Kf8 33. Re4 Qxf2+
34. Qxf2 Ndxf2 35. Re2 Re8 36. f6 gxf6 37. gxf6 Nxf6 38. Rxf2 Kxe7 0-1

[Event "4NCL/Div3/ICENI vs. WWKS2"]
[Site "Staverton Park ENG"]
[Date "2009.02.07"]
[Round "5.4"]
[White "Clarke, Brandon"]
[Black "Szymanski, Mark"]
[Result "1-0"]
[WhiteElo "2001"]
[BlackElo "1985"]
[PlyCount "99"]
[EventDate "2009.02.07"]
[SourceDate "2008.10.04"]

1. e4 e5 2. Nf3 Nc6 3. d4 exd4 4. Bc4 Nf6 5. O-O d5 6. exd5 Nxd5 7. Nxd4 Be7 8.
Re1 O-O 9. Bxd5 Qxd5 10. Nxc6 Qxc6 11. Rxe7 Bf5 12. Nc3 Rad8 13. Qe2 Rd6 14.
Bf4 Rd4 15. Rxc7 Qg6 16. Qe3 Rfd8 17. Re1 h6 18. Rxb7 Be4 19. Nxe4 Rxe4 20. Qc1
Rxe1+ 21. Qxe1 Qxc2 22. Rb8 Rxb8 23. Bxb8 Qxb2 24. Bxa7 Qxa2 25. Be3 Qc4 26. h3
Qd5 27. Qd2 Qe6 28. Bd4 Qg6 29. Qf4 f6 30. Qg4 Qf7 31. h4 Qc4 32. h5 Qc1+ 33.
Kh2 Qc7+ 34. f4 Qe7 35. Qc8+ Kh7 36. Qf5+ Kg8 37. Bc5 Qc7 38. Qe6+ Kh7 39. Bd6
Qb7 40. Qe8 Qa7 41. Bf8 Qc7 42. Kh3 Qb7 43. Qe7 Qxe7 44. Bxe7 Kg8 45. Kg4 Kf7
46. Bd8 Ke8 47. Ba5 Kf7 48. Kf5 Kf8 49. Kg6 Kg8 50. Bb4 1-0